000 00438nam a22001697a 4500
003 OSt
008 260416b |||||||| |||| 00| 0 eng d
082 _a581.2326
_bP21M
100 _aPatel, Avadh Kumar
245 _aMaydis Leaf Blight of Maize in Relation to Stresses
260 _aPusa, Samastipur
_bRAU, Samastipur
_c2005
300 _a42P.
502 _bMsc.
_d2005
650 _aPlant Pathology
650 _aMsc.
942 _2ddc
_cT
999 _c50058
_d50058